| 000 | 00634nam a2200217 4500 | ||
|---|---|---|---|
| 001 | 108837 | ||
| 003 | ES-MaACL | ||
| 005 | 20230906184723.0 | ||
| 007 | t| | ||
| 008 | 061121s1964 sp r ||||1| cat d | ||
| 100 | 1 |
_aMousse, Jean. _983919 |
|
| 245 | 1 | 2 |
_aL'esperança dels homes / _cJean Mousse; traducción de Mª Assumpció Rocabert. |
| 250 | _a1ª. ed. | ||
| 260 |
_aBarcelona : _bEstela, _c1964. |
||
| 300 |
_a159 p. ; _c20 cm. |
||
| 490 | 1 |
_aEspiritualidad ; _v2 |
|
| 700 | 1 |
_aRocabert, Mª Assumpció. _998019 |
|
| 830 | 0 |
_aEspiritualidad ; _v2 _9182730 |
|
| 852 |
_aES-MaACL _jC-25046 _bR.54024 |
||
| 999 |
_c108837 _d108837 |
||